00659nam a2200205Ia 4500952013800000999001700138003000400155005001700159008004100176020001500217040000900232082001700241100002500258245006200283250001200345260003800357300000900395650001200404942003700416 00102ddc40708GRAaMESbMEScENGd2019-02-20g60.00l1o428.2 SIN/Hp40019r2024-10-10 14:15:38s2024-09-25w2019-02-20yBKzGR9R1 c14952d14952OSt20201113100813.0190216s9999||||xx |||||||||||||| ||und|| a8182695600 coclc a428.2bSIN/H aSindhi, Sumita96560 0aHow To Identify Commen Erros In English /cSumitha Sindhi a1st Ed. bArihant Prakashan,c2005.aDelhi: a183p aEnglish cBK2ddch 428iSIN/Hk428mSIN/H